Snooker World Number Ones - Statistics

General Stats
  • This quiz has been taken 148 times
  • The average score is 10 of 12
Answer Stats
Most Recent Total Weeks Nationality Answer % Correct
2024 389 English Ronnie O'Sullivan
97%
2024 120 English Judd Trump
94%
2011 176 Welsh Mark Williams
92%
2007 471 Scottish Stephen Hendry
91%
2011 197 Scottish John Higgins
88%
2015 3 Chinese Ding Junhui
87%
2022 350 English Mark Selby
87%
2015 69 Australian Neil Robertson
87%
1990 365 English Steve Davis
86%
2024 4 Northern Irish Mark Allen
78%
1982 56 Canadian Cliff Thorburn
72%
1983 362 Welsh Ray Reardon
72%
No matching quizzes found
Score Distribution
Percent of People with Each Score
Percentile by Number Answered
Your Score History
You have not taken this quiz